=LDR 00000nam 2200000 4500 =001 INLIS000000000053765 =005 20200304102109 =035 ##$$a 0010-0219000022 =007 ta =008 200304################g##########0#ind## =082 ##$$a 297.731 =084 ##$$a 297.731 ASA b =100 #$$a Asad Humam =245 1#$$a Buku Iqro' : $b Cara Cepat Membaca al-qur'an /$c KH. As'ad Humam =260 ##$$a Yogyakarta :$b Balai Litbang LPTQ Nasional,$c 2000 =300 ##$$a 32 hlm. ; $c 15 x 21 Cm. =650 #4$$a Iqro' =990 ##$$a 31800205 =990 ##$$a 31800206 =990 ##$$a 31800205 =990 ##$$a 31800206 =990 ##$$a 31800206 =990 ##$$a 31800205